Retrouvez le chanteur, chanteuse, groupe #2 - Statistiques

Statistiques générales
  • Ce quiz a été pris 890 fois
    641 depuis la dernière actualisation
  • Le résultat moyen est 20 sur 48
Statistiques - réponses
Hint Année de sortie Titres Chanteur/ Chanteuse % Correct
4 2010 Waka Waka Shakira
97%
2 2014 Chandelier Sia
94%
1 2015 Hello Adèle
91%
12 2014 Sur ma route Black M
86%
6 2018 Copines Aya Nakamura
78%
35 2014 Dernière danse Indila
76%
25 2003 Toxic Britney Spears
74%
5 2002 Au soleil Jenifer
72%
33 2017 Dommage Bigflo et Oli
70%
26 2016 Il est ou le bonheur Christophe Maé
69%
48 1960 Non je ne regrette rien Edith Piaf
68%
29 2015 Les yeux de la mama Kendji Girac
67%
3 2014 Le portrait Calogero
61%
34 2010 Baby Justin Bieber
61%
36 1981 Resiste France Gall
56%
32 2012 Et alors Shy'm
55%
15 2000 One more time Daft Punk
51%
30 2013 Wake me up Avicii
49%
40 2017 Ma jolie Jul
48%
24 2011 All want for Christmas is you Mariah Carrey
48%
44 2018 God's plan Drake
47%
23 1971 Imagine John Lennon
47%
28 2015 Makeba Jain
43%
9 2015 Sugar Maroon 5
43%
13 2012 Call me maybe Carly Rae
42%
11 2021 Le temps Tayc
41%
27 2010 Talking to the moon Bruno Mars
40%
41 2019 Roi Bilal Hassani
39%
22 2020 Tout en Gucci Ninho
38%
20 2022 Et bam Mentissa
31%
46 2020 Coeur noir Eva
27%
17 2013 Ça ira Joyce Jonathan
27%
8 2021 Take my breath The weeknd
26%
16 2022 Calm Down Rema
20%
7 2018 Dusk till dawn Zayn Malik
19%
10 2021 Tu t'en iras La Zarra
18%
19 2000 Elle tu l'aimes Hélène Segara
17%
18 2013 I need your love Calvin Harris
16%
31 2021 Facile Camélia Jordana
16%
42 2020 Nous Julien Doré
16%
14 2013 We can't stop Miley Cyrus
16%
37 2022 Dépassé Nuit Incolore
10%
38 2008 Je te promets Zaho
9%
43 2019 Dans le bleu du ciel Lou
7%
45 2017 Never be the same Camila Cabello
6%
21 2014 Jealous Nick Jonas
5%
47 2016 Sans toi Pomme
3%
39 2015 Love myself Hailee Steinfeld
2%
Aucun quiz correspondant
Distribution des résultats
% des personnes avec chaque résultat
Percentile par nombre de réponses
Votre historique - résultats
Vous n’avez pas pris ce quiz depuis la dernière actualisation